PSG - Tous les Joueurs (2015-2026) - Statistiques

Statistiques générales
  • Ce quiz a été pris 6 587 fois
    2 917 depuis la dernière actualisation
  • Le résultat moyen est 53 sur 103
Statistiques - réponses
Matchs Période Nationalité Joueur % Correct
308 2017-2024 France Kylian Mbappé
97%
509 2013- Brésil Marquinhos
95%
301 2013-2020 Uruguay Edinson Cavani
94%
416 2012-2023 Italie Marco Verratti
94%
173 2017-2023 Brésil Neymar Junior
91%
315 2012-2020 Brésil Thiago Silva
90%
190 2021- Maroc Achraf Hakimi
89%
75 2021-2023 Argentine Lionel Messi
89%
295 2015-2022 Argentine Angel Di Maria
86%
161 2021-2025 Italie Gianluigi Donnarumma
86%
160 2021- Portugal Nuno Mendes
86%
183 2022- Portugal Vitinha
86%
77 2024- Portugal Joao Neves
85%
180 2012-2016 Suède Zlatan Ibrahimovic
84%
157 2022- Espagne Fabian Ruiz
83%
116 2023- France Ousmane Dembélé
83%
80 2024- France Désiré Doué
80%
82 2024- Équateur Willian Pacho
80%
131 2023- France Bradley Barcola
79%
59 2025- Géorgie Khvicha Kvaratskhelia
79%
295 2011-2017 France Blaise Matuidi
78%
116 2023- Portugal Gonçalo Ramos
78%
58 2021-2023 Espagne Sergio Ramos
78%
241 2014-2025 France Presnel Kimpembe
76%
106 2023- Corée du Sud Kang-in Lee
75%
22 2024- Russie Matvey Safonov
75%
114 2019-2024 Costa Rica Keylor Navas
73%
269 2011-2018 Argentine Javier Pastore
71%
26 2025- France Lucas Chevalier
71%
161 2022- France Warren Zaïre-Emery
71%
198 2017-2023 Allemagne Julian Draxler
70%
111 2019-2022 Sénégal Idrissa Gueye
69%
231 2012-2018 Italie Thiago Motta
67%
33 2024- Sénégal Ibrahim Mbaye
65%
70 2024- France Senny Mayulu
65%
88 2023- France Lucas Hernandez
64%
91 2015-2019 Allemagne Kevin Trapp
60%
229 2013-2018 Brésil Lucas Moura
60%
161 2012-2016 Argentine Ezequiel Lavezzi
59%
117 2019-2023 Argentine Leandro Paredes
59%
214 2012-2017 Brésil Maxwell
58%
190 2011-2017 Italie Salvatore Sirigu
58%
128 2016-2020 Belgique Thomas Meunier
58%
107 2012-2022 France Alphonse Areola
56%
74 2024- Brésil Lucas Beraldo
56%
227 2012-2019 France Adrien Rabiot
55%
89 2014-2016 Brésil David Luiz
53%
25 2018-2019 Italie Gianluigi Buffon
53%
24 2025- Ukraine Ilya Zabarnyi
52%
81 2014-2017 Côte d'Ivoire Serge Aurier
52%
157 2020-2024 Portugal Danilo Pereira
49%
11 2020-2025 Pays-Bas Xavi Simons
48%
73 2017-2019 Brésil Dani Alves
47%
38 2021-2023 Pays-Bas Georginio Wijnaldum
47%
132 2012-2016 Pays-Bas Gregory van der Wiel
47%
154 2015-2024 France Layvin Kurzawa
47%
37 2023-2025 Slovaquie Milan Skriniar
47%
37 2023-2024 Uruguay Manuel Ugarte
46%
128 2018-2022 Allemagne Thilo Kehrer
46%
63 2022-2025 Espagne Carlos Soler
44%
51 2018-2020 Cameroun Eric-Maxim Choupo-Moting
44%
128 2018-2025 Espagne Juan Bernat
44%
92 2019-2023 Argentine Mauro Icardi
44%
36 2020-2021 Italie Alessandro Florenzi
40%
45 2019-2021 Pays-Bas Mitchel Bakker
39%
41 2020-2021 Italie Moise Kean
39%
54 2023-2025 France Randal Kolo Muani
39%
75 2019-2023 Sénégal Abdou Diallo
38%
95 2019-2023 Espagne Ander Herrera
38%
98 2019-2023 Espagne Pablo Sarabia
37%
53 2016-2019 Argentine Giovanni Lo Celso
36%
18 2016-2020 Espagne Jesé
33%
57 2014-2015 France Yohan Cabaye
33%
78 2015-2019 France Christopher Nkunku
32%
19 2016-2019 Pologne Grzegorz Krychowiak
32%
33 2022-2024 France Hugo Ekitiké
32%
15 2025- France Quentin Ndjantou
32%
77 2018-2024 France Colin Dagba
29%
47 2023-2025 Espagne Marco Asensio
29%
27 2022-2025 Portugal Renato Sanches
29%
24 2019-2025 Espagne Sergio Rico
27%
249 2006-2015 France Clément Chantôme
26%
13 2017-2018 Portugal Gonçalo Guedes
26%
32 2016-2018 France Hatem Ben Arfa
26%
32 2017-2018 Espagne Yuri Berchiche
25%
44 2013-2016 France Lucas Digne
23%
224 2007-2015 France Zoumana Camara
23%
39 2020-2022 Brésil Rafinha Alcantara
22%
34 2018-2019 France Moussa Diaby
20%
43 2011-2016 France Nicolas Douchez
20%
40 2015-2016 France Benjamin Stambouli
19%
19 2018-2019 France Lassana Diarra
18%
45 2022-2025 France Nordi Mukiele
17%
31 2014-2017 France Jean-Kévin Augustin
16%
13 2019-2020 France Tanguy Nianzou
15%
53 2011-2018 France Jean-Christophe Bahebeck
14%
15 2020-2023 France Timothée Pembélé
14%
11 2024-2025 France Yoram Zague
12%
12 2021-2024 Espagne Ismaël Gharbi
11%
16 2017-2019 France Stanley N'soki
10%
19 2021-2023 France El Chadaille Bitshiabu
8%
16 2013-2017 France Hervin Ongenda
8%
14 2021-2022 France Junior Dina Ebimbe
5%
Aucun quiz correspondant
Distribution des résultats
% des personnes avec chaque résultat
Percentile par nombre de réponses
Votre historique - résultats
Vous n’avez pas pris ce quiz depuis la dernière actualisation